000 00311nam a2200133 i 4500
001 bg
100 1 _aKROMER, M.
245 0 _aPolska czyli o położeniu ludności... /
_cM. Kromer.
260 _aOlsztyn,
_c1984.
040 _cBPK
041 _apol
942 _cKS
008 s pl f |000 0 pol
999 _c22489
_d22489
856 _uhttp://koha.tu.koszalin.pl/cgi-bin/koha/opac-detail.pl?biblionumber=22489
_yKatalog online BPK